Cyber laws : (Record no. 9277)

MARC details
000 -LEADER
fixed length control field 00886 a2200217 4500
010 ## - LIBRARY OF CONGRESS CONTROL NUMBER
LC control number ENG-88807
020 ## - INTERNATIONAL STANDARD BOOK NUMBER
Terms of availability 350.00
International Standard Book Number 8175345780
035 ## - SYSTEM CONTROL NUMBER
System control number EN-72340
037 ## - SOURCE OF ACQUISITION
Source of stock number/acquisition DBAD / PUB
082 14 - DEWEY DECIMAL CLASSIFICATION NUMBER
Classification number 343.5409944
090 ## - LOCALLY ASSIGNED LC-TYPE CALL NUMBER (OCLC); LOCAL CALL NUMBER (OCLC)
-- 9450
-- 9450
100 ## - MAIN ENTRY--PERSONAL NAME
Personal name Yatindra Singh
245 1# - TITLE STATEMENT
Title Cyber laws :
Statement of responsibility, etc by Yatindra Singh
Remainder of title a guide to cyber laws and the information technology, computer software, intellectual property rights, e-commerce, taxation, privacy, etc...and agreements /
250 ## - EDITION STATEMENT
Edition statement 3rd ed
260 ## - PUBLICATION, DISTRIBUTION, ETC. (IMPRINT)
Place of publication, distribution, etc Delhi
Name of publisher, distributor, etc Universal Law Publishing Co
Date of publication, distribution, etc 2007
270 ## - ADDRESS
Address C-FF-1A, Dilkhush Industrial Estate, (Opp. Hans Cinema, Azadpur), G.T. Karnal Road,
City Delhi
Postal code 110 033
300 ## - PHYSICAL DESCRIPTION
Extent xxix, 366p. :
Dimensions 24cm (pbk)
500 ## - GENERAL NOTE
General note Includes index
942 ## - ADDED ENTRY ELEMENTS (KOHA)
Institution code [OBSOLETE] dpl
Koha item type English Books
Call number prefix 343.5409944 / YAT
Holdings
Withdrawn status Lost status Source of classification or shelving scheme Damaged status Not for loan Collection code Home library Current library Source of acquisition Cost, normal purchase price Total Checkouts Full call number Barcode Date last seen Copy number Uniform Resource Identifier Cost, replacement price Price effective from Koha item type
    Dewey Decimal Classification   Not For Loan Non-fiction D.B.Act.Division D.B.Act.Division DBAD/PUB 350.00   343.5409944 YAT EN-72340 15/09/2008 1 10251 350.00 15/09/2008 English Books

© Delhi Public Library
Hit Counter
free hit counter